Score 0/34 Timer 04:00
0 Plays Today
Clue 5-Letter Word % Correct
No longer freshSTALE
83%
►ECOLOGY: Loses fur◄SHEDS
81.8%
DiscoversFINDS
81.4%
Took a five-finger discountSTOLE
80.1%
Money paid for punishable crimesFINES
79.5%
►BOTANY: Apple core features◄SEEDS
79.1%
►PHYSICS: Device that emits a beam of light◄LASER
77.9%
A person who takes second place, possiblyLOSER
76.7%
Tearoom biscuitSCONE
76.6%
Occurring after the usual or expected timeLATER
76.2%
Cowboy attireCHAPS
75.9%
Person in solitudeLONER
75.7%
►MEDICINE: Device used for seeing within◄SCOPE
75.5%
►EARTH SCIENCE: Oil-bearing rock◄SHALE
75.3%
►EARTH SCIENCE: General quarry material◄STONE
74.1%
More advanced in yearsOLDER
73.6%
VesselsSHIPS
71.7%
Clue 5-Letter Word % Correct
Window coveringSHADE
71.3%
►MATHEMATICS: ''m'' from y=mx+b◄SLOPE
70.9%
►COMPUTER SCIENCE: Electronic integrated circuits◄CHIPS
69.3%
Provides for oneselfFENDS
69%
►PHYSICS: Overcomes friction◄SLIPS
67.4%
►ECOLOGY: Herring cousins◄SHADS
66.9%
Carelessly spillsSLOPS
65.9%
►ECOLOGY: Preys upon, with on◄FEEDS
65.7%
ThinnerFINER
65.6%
►PHYSICS: High entropy; a lack of organization◄CHAOS
64.7%
►ENGINEERING: Protective metal sleeve of a vessel◄LINER
64.2%
ModifyALTER
56.8%
►ECOLOGY: Consumer◄EATER
56.6%
►BOTANY: Genus of birch trees◄ALDER
54.4%
►PHYSICS: Low entropy; organization◄ORDER
51.3%
►BOTANY: September-blooming flower◄ASTER
44.1%
►CHEMISTRY: Functional group in organic chemistry◄ESTER
41.8%

Today's Daily Dose

Missing Word
I Hardly Know Her!

Word Ladder
Sentence Ending

Quick Pick
Female Firsts

Get the Picture
Triathlon Sports

Remove Ads.
Support Sporcle.
Get the best of Sporcle when you Go Orange. This ad-free experience offers more features, more stats, and more fun while also helping to support Sporcle. Thank you for becoming a member.

You're not logged in!

Compare scores with friends on all Sporcle quizzes.
OR
Log In

Show Comments

Extras

Top Quizzes Today


Score Distribution

Your Account Isn't Verified!

In order to create a playlist on Sporcle, you need to verify the email address you used during registration. Go to your Sporcle Settings to finish the process.

Report this User

Report this user for behavior that violates our Community Guidelines.

Details: